| 000 | 00618nam a2200181Ia 4500 | ||
|---|---|---|---|
| 003 | GCL | ||
| 008 | 140319s9999 xx 000 0 ara d | ||
| 040 |
_aGCL / _cGCL |
||
| 082 | 0 | 4 |
_a327.11 _bن و |
| 100 | 1 | _aنبيل السمان | |
| 245 | 1 | 0 |
_aوثائق وزارة الدفاع الامريكية فى حرب الخليج : عاصفة الصحراء / _cنبيل السمان |
| 300 | _a317 ص | ||
| 490 |
_aالهيئة العامة للاستعلامات _v0 |
||
| 650 | 0 | 4 | _aحرب الخليج |
| 650 | 0 | 4 | _aالعمليات العسكرية |
| 650 | 0 | 4 | _aالاخلاق العسكرية |
| 942 |
_2ddc _cBK |
||
| 999 |
_c49141 _d49141 |
||